Papyrus grecs de la Bibliothèque nationale et universitaire de Strasbourg /

محفوظ في:

مؤلف مشترك: Bibliothèque nationale et universitaire de Strasbourg

مؤلفون آخرون: Schwartz, Jacques.

التنسيق: كتاب

اللغة: French
Ancient Greek

منشور في: Strasbourg : [La Bibliothèque], 1963-

سلاسل: Publications de la Bibliothèque nationale et universitaire de Strasbourg ; 1, 3, 4, 5.

الموضوعات:

الوسوم: إضافة وسم

لا توجد وسوم, كن أول من يضع وسما على هذه التسجيلة!

رقم الطلب: PA3308 .S92 v.1-4

LEADER 01028nam a22002657a 4500
003 OSt
005 20250929071038.0
008 250929s19639999fr g b 001 0 fre d
010 |a 70260282 
040 |c ARCE Library 
041 0 |a fre  |a grc 
043 |a e-fr--- 
050 1 4 |a PA3308  |b .S92 v.1-4 
110 2 |a Bibliothèque nationale et universitaire de Strasbourg, 
245 1 0 |a Papyrus grecs de la Bibliothèque nationale et universitaire de Strasbourg /  |c Publiés par Jacques Schwartz et ses élèves de l'Institut Paul Collomp de la Faculté des lettres et sciences humaines de Strasbourg. 
264 1 |a Strasbourg :  |b [La Bibliothèque],  |c 1963- 
300 |a 4 volumes ;   |c 24 cm. 
490 0 |a Publications de la Bibliothèque nationale et universitaire de Strasbourg ;   |v 1, 3, 4, 5. 
504 |a Includes bibliographical references and indexes. 
546 |a text in french and Greek. 
650 0 |a Manuscripts, Greek (Papyri) 
700 1 |a Schwartz, Jacques. 
901 |a reviewed 
942 |c BK  |2 lcc 
999 |c 16993  |d 16993